000 00854nam a2200289 a 4500
003 AR-BaBNM
005 20251128203928.0
008 082120s2002 ||||||||||||||000 | spa||
020 _a950-550-054-8
040 _cAR-BaBNM
100 1 _aNun de Negro, Berta
245 0 0 _aLa línea y el juego gráfico
_bfichas didácticas
260 _aBuenos Aires
_bMagisterio del Río de la Plata
_c1991
300 _a23 p.
_bfichas
490 0 _aExpresión plástica infantil
500 _aLa presente obra esta integrada por un cuadernillo y fichas didacticas
650 4 _aARTE
650 4 _aJUEGOS EDUCATIVOS
650 4 _aMETODOS DE ENSEÑANZA
650 4 _aMATERIAL DIDACTICO
650 4 _aEXPRESION
653 _aEDUCACION PRIMARIA
653 _aEDUCACION INICIAL
700 1 _aTerragni de Molmenti, Dora A.
942 _cBK
998 _cisola
999 _c5504
_d5504